[Event "Budapest-chT1 Lilienthal 1516"]
[Site "Budapest"]
[Date "2015.12.13"]
[Round "5"]
[White "Bekasi, Zsolt"]
[Black "Bihari, Balazs"]
[Result "0-1"]
[WhiteElo "1307"]
[BlackElo "1933"]
[PlyCount "70"]
[EventDate "2015.09.20"]
[EventType "team-tourn"]
[EventRounds "9"]
[EventCountry "HUN"]
[SourceTitle "EXT 2021"]
[Source "ChessBase"]
[SourceDate "2020.10.23"]
[SourceVersion "1"]
[SourceVersionDate "2020.10.23"]
[SourceQuality "1"]
[WhiteTeam "REAC SISE"]
[BlackTeam "SENSE"]
[WhiteTeamCountry "HUN"]
[BlackTeamCountry "HUN"]

1. e4 c6 2. d4 d5 3. e5 Bf5 4. Nf3 e6 5. Bf4 Qb6 6. b3 Bb4+ 7. Bd2 Na6 8. Bxa6 Bxd2+ 9. Nbxd2 Qxa6 10. h3 Ne7 11. c4 Bd3 12. cxd5 cxd5 13. a3 Rc8 14. Nh2 Nf5 15. Nhf3 0-0 16. g4 Ne7 17. h4 Rc2 18. Ng1 Rfc8 19. h5 Nc6 20. Ngf3 Qb6 21. h6 g6 22. Rh3 Nxd4 23. Nxd4 Qxd4 24. Re3 Qxa1 25. Rxd3 Rc1 26. Qxc1 Rxc1+ 27. Ke2 Re1+ 28. Kf3 Qd1+ 29. Kf4 Qe2 30. Re3 Qxf2+ 31. Rf3 Qxd2+ 32. Kg3 Rg1+ 33. Kh4 g5+ 34. Kh5 Rh1+ 35. Rh3 Rxh3# 0-1

[Event "Budapest-chT1 Lilienthal 1213"]
[Site "Budapest"]
[Date "2013.05.05"]
[Round "11"]
[White "Bihari, Balazs"]
[Black "Molnar, Jozsef"]
[Result "0-1"]
[WhiteElo "1967"]
[BlackElo "2162"]
[PlyCount "96"]
[EventDate "2012.09.30"]
[EventType "team-tourn"]
[EventRounds "11"]
[EventCountry "HUN"]
[SourceTitle "EXT 2019"]
[Source "ChessBase"]
[SourceDate "2018.10.10"]
[SourceVersion "1"]
[SourceVersionDate "2018.10.10"]
[SourceQuality "1"]
[WhiteTeam "Budapest SENSE"]
[BlackTeam "Budapest EAC"]
[WhiteTeamCountry "HUN"]
[BlackTeamCountry "HUN"]

1. e4 e6 2. d4 d5 3. Nc3 Nf6 4. e5 Nfd7 5. Nf3 c5 6. Bb5 Nc6 7. Ne2 Qa5+ 8. Nc3 cxd4 9. Nxd4 Qc7 10. 0-0 a6 11. Nxc6 bxc6 12. Ba4 Nxe5 13. Qd4 Nd7 14. Re1 Bb7 15. Bg5 Qb6 16. Qg4 Be7 17. Rxe6 fxe6 18. Qxe6 0-0-0 19. Nxd5 cxd5 20. Bxd7+ Kc7 21. Bxe7 Rxd7 22. Qe5+ Kc8 23. Ba3 Rf7 24. Rf1 Qc6 25. Qe2 h5 26. f3 Re8 27. Qd2 Qe6 28. Qc3+ Kb8 29. Bc5 Rc8 30. b4 h4 31. h3 Ka8 32. Re1 Qf6 33. Qd3 g5 34. Qe3 Qf5 35. c3 Bc6 36. Kf2 Re8 37. Qd2 Rxe1 38. Qxe1 g4 39. hxg4 Qxg4 40. Qe5 Qg3+ 41. Qxg3 hxg3+ 42. Kxg3 Kb7 43. Kf2 Bd7 44. Ke3 Kc6 45. Bd4 Kb5 46. g4 Kc4 47. g5 Bf5 48. f4 Rh7 0-1

[Event "Budapest-chT1 Lilienthal 1112"]
[Site "Budapest"]
[Date "2011.12.11"]
[Round "5"]
[White "Karsai, Jozsef"]
[Black "Bihari, Balazs"]
[Result "0-1"]
[WhiteElo "1895"]
[BlackElo "1965"]
[PlyCount "60"]
[EventDate "2011.10.02"]
[EventType "team-tourn"]
[EventRounds "11"]
[EventCountry "HUN"]
[SourceTitle "EXT 2020"]
[Source "ChessBase"]
[SourceDate "2019.10.17"]
[SourceVersion "1"]
[SourceVersionDate "2019.10.17"]
[SourceQuality "1"]
[WhiteTeam "Penzugyor III"]
[BlackTeam "Hid Unio"]
[WhiteTeamCountry "HUN"]
[BlackTeamCountry "HUN"]

1. e4 c6 2. d4 d5 3. Nc3 dxe4 4. Nxe4 Bf5 5. Ng3 Bg6 6. Nf3 e6 7. Bd3 Nd7 8. c3 Bxd3 9. Qxd3 Ngf6 10. 0-0 Be7 11. Ne4 0-0 12. Bf4 Nxe4 13. Qxe4 Nf6 14. Qe2 Qb6 15. Ne5 Rad8 16. a4 Nd5 17. Bg3 c5 18. a5 Qb3 19. c4 Nf6 20. Ra3 Qb4 21. Rc1 Rxd4 22. Nd3 Rxc4 23. Re1 Qb5 24. f3 Rd4 25. Bf2 Rd5 26. Qc2 Rfd8 27. Nf4 Rd2 28. Qb3 Rxb2 29. Qc3 Rdd2 30. Rf1 Rxf2 0-1

[Event "HUN-chT2 Erkel 0607"]
[Site "Hungary"]
[Date "2007.04.29"]
[Round "9"]
[White "Lengyel, Laszlo"]
[Black "Bihari, Balazs"]
[Result "1-0"]
[WhiteElo "2212"]
[BlackElo "2003"]
[PlyCount "73"]
[EventDate "2006.11.12"]
[EventType "team"]
[EventRounds "11"]
[EventCountry "HUN"]
[SourceTitle "EXT 2008"]
[Source "ChessBase"]
[SourceDate "2007.11.25"]
[SourceVersion "1"]
[SourceVersionDate "2007.11.25"]
[SourceQuality "1"]
[WhiteTeam "Vasarteri"]
[BlackTeam "Paszto"]
[WhiteTeamCountry "HUN"]
[BlackTeamCountry "HUN"]

1. e4 c6 2. d4 d5 3. f3 dxe4 4. fxe4 e5 5. Nf3 Bg4 6. Bc4 Nd7 7. 0-0 f6 8. c3 Qb6 9. Kh1 0-0-0 10. Nbd2 exd4 11. cxd4 Bd6 12. Qc2 g5 13. b4 Kb8 14. a3 h5 15. Bb2 Qc7 16. e5 fxe5 17. Nxg5 Ngf6 18. Nf7 Nd5 19. Bxd5 cxd5 20. Qxc7+ Bxc7 21. dxe5 Rhe8 22. Nxd8 Bxd8 23. h3 Be2 24. Rfe1 Bd3 25. e6 Nf8 26. Be5+ Ka8 27. Rac1 Bg5 28. Rcd1 Nxe6 29. Nf3 Be4 30. Nxg5 Nxg5 31. Bg3 Rc8 32. Rc1 Rxc1 33. Rxc1 b6 34. Rc7 d4 35. b5 d3 36. Rc8+ Kb7 37. Rb8# 1-0

[Event "HUN-chT2 Erkel 0506"]
[Site "Hungary"]
[Date "2005.10.16"]
[Round "1"]
[White "Barta, Zoltan"]
[Black "Bihari, Balazs"]
[Result "1/2-1/2"]
[WhiteElo "2069"]
[BlackElo "1995"]
[PlyCount "67"]
[EventDate "2005.10.16"]
[EventType "team"]
[EventRounds "11"]
[EventCountry "HUN"]
[SourceTitle "EXT 2009"]
[Source "ChessBase"]
[SourceDate "2008.11.26"]
[SourceVersion "1"]
[SourceVersionDate "2008.11.26"]
[SourceQuality "1"]
[WhiteTeam "Fuzesabony"]
[BlackTeam "Paszto"]
[WhiteTeamCountry "HUN"]
[BlackTeamCountry "HUN"]

1. d4 d5 2. c4 Nf6 3. Nf3 e6 4. Bg5 Be7 5. e3 0-0 6. Nc3 Nbd7 7. Qb3 dxc4 8. Bxc4 a6 9. a4 Nb6 10. Bd3 Nbd5 11. 0-0 b6 12. Rac1 Bb7 13. Ne5 Nb4 14. Bb1 Nfd5 15. Bxe7 Qxe7 16. Nxd5 Bxd5 17. Qc3 Rac8 18. Nd3 Nxd3 19. Qxd3 f5 20. Qxa6 Qg5 21. g3 Qg4 22. f4 h5 23. Rf2 h4 24. Qe2 hxg3 25. hxg3 Qxg3+ 26. Kf1 c6 27. Ke1 c5 28. dxc5 Rfd8 29. e4 fxe4 30. Bxe4 Qg1+ 31. Rf1 Qg3+ 32. Rf2 Qg1+ 33. Rf1 Qg3+ 34. Rf2 1/2-1/2

[Event "Fuzesabony op"]
[Site "Fuzesabony"]
[Date "2003.08.08"]
[Round "2"]
[White "Suto, Gabor"]
[Black "Bihari, Balazs"]
[Result "1-0"]
[WhiteElo "2313"]
[BlackElo "2025"]
[PlyCount "50"]
[EventDate "2003.08.08"]
[EventType "swiss"]
[EventRounds "6"]
[EventCountry "HUN"]
[SourceTitle "EXT 2005"]
[Source "ChessBase"]
[SourceDate "2004.11.15"]
[SourceVersion "1"]
[SourceVersionDate "2004.11.15"]
[SourceQuality "1"]

1. d4 d5 2. c4 e6 3. Nc3 Nf6 4. Bg5 Be7 5. e3 0-0 6. Rc1 h6 7. Bh4 Nbd7 8. Nf3 dxc4 9. Bxc4 b6 10. 0-0 Bb7 11. Qe2 Ne4 12. Bxe7 Qxe7 13. Ba6 Bxa6 14. Qxa6 Nd6 15. b4 Rfc8 16. Rfd1 Nb8 17. Qd3 a5 18. b5 c6 19. Ne5 Qb7 20. Ne4 Nxb5 21. a4 f5 22. axb5 fxe4 23. Qxe4 a4 24. bxc6 Qe7 25. d5 Rd8 1-0